| 000 | 00664nam a22002057a 4500 | ||
|---|---|---|---|
| 999 |
_c17402 _d17402 |
||
| 003 | AR-CdUCM | ||
| 008 | 190508b ||||| |||| 00| 0 spa d | ||
| 040 |
_aMUNICIPALIDAD PROVINCIAL DEL CUSCO _cBIBLIOTECA MUNICIPAL DEL CUSCO |
||
| 082 |
_a323.4 / _bH21 |
||
| 100 |
_aHandlin, Mary _937394 |
||
| 245 | _aLas dimensiones de la libertad / | ||
| 260 |
_aMéxico : _bNovaro, _c1963. |
||
| 300 |
_a286 páginas ; _c20 cm. |
||
| 505 | _aContenido : Libertad y el poder -- Asociacion restringida -- Poder y riqueza. | ||
| 650 |
_aLimites del poder _937395 |
||
| 650 |
_aLa libertad humana _937396 |
||
| 700 |
_aOscar _937397 |
||
| 942 |
_2ddc _cLIBROS |
||
| 945 | _arcc | ||